000 00471nam a2200145Ia 4500
008 230917s9999||||xx |||||||||||||| ||und||
040 _e162298
_aMAIN
041 _aEnglish
082 _a891.43301731 SR92S
100 _aशुक्ल, रामनारायण
245 0 _aसहारा और अन्य कहानियाँ
260 _aइलाहाबाद
_bसरस्वती प्रेस
_c1971
300 _a244पृ. p.
942 _cHN
999 _c116053
_d116053